000
00276nam a2200109Ia 4500
999
_c
7783
_d
7783
082
_a
297.64
100
_a
Maulana Mohammad Yousuf Kandhlawi
245
0
_a
Hayatus Sahabah
_b
the lives of the Sahabah
260
_a
Karachi
_b
Darul Ishaat
_c
1993
300
_a
782 pages
942
_c
BK